| 000 -LEADER |
| fixed length control field |
00700nam a2200193Ia 4500 |
| 001 - CONTROL NUMBER |
| control field |
20172 |
| 003 - CONTROL NUMBER IDENTIFIER |
| control field |
GE_BSU |
| 005 - DATE AND TIME OF LATEST TRANSACTION |
| control field |
20250630170544.0 |
| 008 - FIXED-LENGTH DATA ELEMENTS--GENERAL INFORMATION |
| fixed length control field |
181216s1970||||ru |||||||||||||| ||rus|| |
| 040 ## - CATALOGING SOURCE |
| Transcribing agency |
GE_BSU |
| 100 ## - MAIN ENTRY--PERSONAL NAME |
| Personal name |
Генкель, П. А. |
| 9 (RLIN) |
25577 |
| 245 ## - TITLE STATEMENT |
| Title |
Физиология Растений : |
| Remainder of title |
Учеб. пособ. по факультативному курсу для 9 класса / |
| Statement of responsibility, etc. |
П. А. Генкель ; Ред. : Е. Н. Хунцкария. |
| 264 ## - PRODUCTION, PUBLICATION, DISTRIBUTION, MANUFACTURE, AND COPYRIGHT NOTICE |
| Place of production, publication, distribution, manufacture |
Москва : |
| Name of producer, publisher, distributor, manufacturer |
Просвешение, |
| Date of production, publication, distribution, manufacture, or copyright notice |
1970. |
| 300 ## - PHYSICAL DESCRIPTION |
| Extent |
175 стр. : |
| Other physical details |
ил. ; |
| Dimensions |
21 см. |
| 653 ## - INDEX TERM--UNCONTROLLED |
| keyword |
ботаника |
| 653 ## - INDEX TERM--UNCONTROLLED |
| keyword |
Фзиология Растений |
| 942 ## - ADDED ENTRY ELEMENTS (KOHA) |
| Koha item type |
წიგნი |
| Source of classification or shelving scheme |
|